[Event "GRE-chT Online Rapid op 1st"]
[Site "Tornelo INT"]
[Date "2021.02.21"]
[Round "7.4"]
[White "Kanakaris, Georgios"]
[Black "Hatzis Bakratsas, Alexandros"]
[Result "1-0"]
[WhiteElo "2400"]
[BlackElo "1950"]
[PlyCount "103"]
[EventDate "2021.02.20"]
[EventType "team-swiss (rapid)"]
[EventRounds "9"]
[EventCountry "GRE"]
[SourceTitle "EXT 2023"]
[Source "ChessBase"]
[SourceDate "2022.10.05"]
[SourceVersion "1"]
[SourceVersionDate "2022.10.05"]
[SourceQuality "1"]

1. d4 Nf6 2. Nf3 e6 3. c4 Bb4+ 4. Nbd2 b6 5. e3 Bb7 6. Bd3 0-0 7. 0-0 d5 8. a3 Bxd2 9. Bxd2 dxc4 10. Bxc4 Nbd7 11. Qe2 a6 12. Rfd1 Ne4 13. Bb4 c5 14. dxc5 bxc5 15. Ne5 cxb4 16. Nxd7 Re8 17. Nc5 Qb6 18. Nxb7 Qxb7 19. axb4 Qxb4 20. Rxa6 Nc5 21. Rxa8 Rxa8 22. h3 g6 23. Qc2 Rb8 24. Rb1 Rd8 25. Bf1 Rd2 26. Qc4 Qxc4 27. Bxc4 Rc2 28. Bf1 Nb3 29. Bb5 Nd2 30. Bd3 Rc5 31. Ra1 Nb3 32. Ra8+ Kg7 33. Rb8 Rc1+ 34. Kh2 Nc5 35. Bb5 Nb3 36. Ba6 Nc5 37. Rc8 Ra1 38. Rxc5 Rxa6 39. Kg3 Kf6 40. h4 Rb6 41. Rc2 Ke5 42. Rd2 Rb4 43. f3 f5 44. f4+ Ke4 45. Rd4+ Rxd4 46. exd4 Kxd4 47. Kf3 Kd3 48. g3 h6 49. Kf2 Kc4 50. Ke3 h5 51. Kd2 Kb3 52. Kd3 1-0

[Event "GRE-chT 42nd"]
[Site "Porto Rio"]
[Date "2014.07.03"]
[Round "7.8"]
[White "Hatzis Bakratsas, Alexandros"]
[Black "Mourogiannis, Konstantinos"]
[Result "1/2-1/2"]
[WhiteElo "1855"]
[BlackElo "1573"]
[PlyCount "124"]
[EventDate "2014.06.28"]
[EventType "team-swiss"]
[EventRounds "7"]
[EventCountry "GRE"]
[SourceTitle "CBM 161 Extra"]
[Source "ChessBase"]
[SourceDate "2014.08.29"]
[SourceVersion "1"]
[SourceVersionDate "2014.08.29"]
[SourceQuality "1"]
[WhiteTeam "Florinas OP"]
[BlackTeam "Glyfadas Zenon"]
[WhiteTeamCountry "GRE"]
[BlackTeamCountry "GRE"]

1. d4 Nf6 2. c4 e6 3. Nc3 d5 4. cxd5 Nxd5 5. e4 Nxc3 6. bxc3 c5 7. Nf3 cxd4 8. cxd4 Bb4+ 9. Bd2 Bxd2+ 10. Qxd2 0-0 11. Bc4 Nd7 12. 0-0 b6 13. Rfe1 Bb7 14. Rad1 Rc8 15. Bd3 Re8 16. Qf4 Qf6 17. Qg4 h6 18. Re3 Red8 19. e5 Bxf3 20. Rxf3 Qg5 21. Qe4 Rc1 22. Rf1 Rxf1+ 23. Bxf1 Qc1 24. Qb7 a5 25. g3 Qc8 26. Qe4 Nf8 27. Qf4 Qd7 28. Bd3 Qe7 29. h4 Qc7 30. Kg2 Qd7 31. Kg1 Rc8 32. Kg2 b5 33. g4 b4 34. g5 h5 35. Bb5 Qe7 36. Qe4 Ng6 37. Ba4 Nf8 38. Bb3 g6 39. Rf6 Rc3 40. Qa8 Kg7 41. Qxa5 Nh7 42. Qa8 Qd7 43. Rf4 Qe7 44. Qb8 Nxg5 45. Qd6 Qb7+ 46. d5 Nh7 47. Rxb4 Qa7 48. Rf4 Rd3 49. Ra4 Qb7 50. Qc6 Qb8 51. d6 Qd8 52. Qe4 Rd2 53. Qe3 Rb2 54. Ra7 Qxh4 55. Ra4 Qd8 56. Rd4 Qa8+ 57. Qf3 Qd8 58. d7 Qg5+ 59. Qg3 Qd8 60. a4 Qa8+ 61. Kh2 Qd8 62. Bd1 Ra2 1/2-1/2

[Event "GRE-chT 42nd"]
[Site "Porto Rio"]
[Date "2014.07.02"]
[Round "6.8"]
[White "Megalios, Konstantinos"]
[Black "Hatzis Bakratsas, Alexandros"]
[Result "1-0"]
[WhiteElo "2203"]
[BlackElo "1855"]
[PlyCount "93"]
[EventDate "2014.06.28"]
[EventType "team-swiss"]
[EventRounds "7"]
[EventCountry "GRE"]
[SourceTitle "CBM 161 Extra"]
[Source "ChessBase"]
[SourceDate "2014.08.29"]
[SourceVersion "1"]
[SourceVersionDate "2014.08.29"]
[SourceQuality "1"]
[WhiteTeam "Chess Spring"]
[BlackTeam "Florinas OP"]
[WhiteTeamCountry "GRE"]
[BlackTeamCountry "GRE"]

1. e4 c5 2. Nc3 Nc6 3. f4 e6 4. Nf3 Nge7 5. g3 d5 6. d3 b6 7. Bg2 Bb7 8. 0-0 g6 9. Qe1 d4 10. Ne2 Bg7 11. g4 Nb4 12. Qd1 Qd7 13. Ng3 0-0-0 14. Ne5 Qe8 15. Nc4 f5 16. a3 Na6 17. b4 h5 18. h3 h4 19. Nh1 fxe4 20. dxe4 Qc6 21. Ne5 Qe8 22. Rb1 Nc6 23. b5 Nxe5 24. bxa6 Bxa6 25. fxe5 Bxf1 26. Bxf1 Qc6 27. Nf2 Bxe5 28. Qd3 Rdf8 29. Qa6+ Kb8 30. Nd3 Bg3 31. Bg2 e5 32. Rb5 Rc8 33. Nxc5 Qxc5 34. Rxc5 Rxc5 35. Bd2 Rxc2 36. Bb4 Rd8 37. Bf1 Bf2+ 38. Kh1 Bg3 39. Kg1 Bf2+ 40. Kh1 Bg3 41. Bc4 Rc1+ 42. Kg2 Rd7 43. Bd5 Rc2+ 44. Kf1 Rf2+ 45. Kg1 Rc2 46. Bd6+ Rcc7 47. Qb7# 1-0

[Event "GRE-ch U18"]
[Site "Thessaloniki"]
[Date "2014.01.07"]
[Round "8"]
[White "Hatzis Bakratsas, Alexandros"]
[Black "Papakonstantinou, Dimitrios"]
[Result "0-1"]
[WhiteElo "1829"]
[BlackElo "1929"]
[PlyCount "79"]
[EventDate "2014.01.02"]
[EventType "swiss"]
[EventRounds "9"]
[EventCountry "GRE"]
[SourceTitle "EXT 2017"]
[Source "ChessBase"]
[SourceDate "2016.10.25"]
[SourceVersion "1"]
[SourceVersionDate "2016.10.25"]
[SourceQuality "1"]

1. d4 Nf6 2. c4 e6 3. Nc3 Bb4 4. e3 0-0 5. Nge2 c6 6. a3 Ba5 7. b4 Bc7 8. e4 e5 9. Bg5 h6 10. Bh4 d6 11. f3 Nbd7 12. Bf2 Qe8 13. d5 cxd5 14. cxd5 Bb6 15. Bxb6 Nxb6 16. Ng3 Bd7 17. Be2 Rc8 18. Rc1 Qd8 19. 0-0 Nc4 20. Bxc4 Qb6+ 21. Kh1 Rxc4 22. Qd3 Rfc8 23. Nge2 Qa6 24. Qd2 Qxa3 25. f4 Bg4 26. fxe5 Bxe2 27. Nxe2 Rxc1 28. Nxc1 dxe5 29. Nd3 Nxe4 30. Qe2 Nd6 31. Nxe5 Rc1 32. Nd3 Rxf1+ 33. Qxf1 Qb3 34. Nf4 Qxb4 35. h3 Qc3 36. Ne2 Qd3 37. Qf4 Qxd5 38. Ng3 a5 39. Kh2 b5 40. Qg4 0-1

[Event "GRE-ch U18"]
[Site "Thessaloniki"]
[Date "2014.01.06"]
[Round "7"]
[White "Gouloutis, Nikolaos"]
[Black "Hatzis Bakratsas, Alexandros"]
[Result "0-1"]
[WhiteElo "2068"]
[BlackElo "1829"]
[PlyCount "92"]
[EventDate "2014.01.02"]
[EventType "swiss"]
[EventRounds "9"]
[EventCountry "GRE"]
[SourceTitle "EXT 2017"]
[Source "ChessBase"]
[SourceDate "2016.10.25"]
[SourceVersion "1"]
[SourceVersionDate "2016.10.25"]
[SourceQuality "1"]

1. d4 Nf6 2. c4 e6 3. Nf3 d5 4. Bg5 Bb4+ 5. Nc3 Nbd7 6. e3 c5 7. Bd3 Qa5 8. 0-0 cxd4 9. exd4 Bxc3 10. bxc3 dxc4 11. Bxc4 0-0 12. Rc1 b6 13. Qe2 Bb7 14. Ne5 Nxe5 15. dxe5 Ne4 16. Bf4 Rac8 17. Bb3 Nxc3 18. Qe3 Qc5 19. Rc2 Qxe3 20. Bxe3 Be4 21. Rb2 Bd5 22. Bc2 Bxa2 23. Ra1 Rfd8 24. h3 Bc4 25. Rxa7 b5 26. Kh2 Rb8 27. Bc5 Ra8 28. Rxa8 Rxa8 29. Bb4 Nd5 30. Be4 Re8 31. Bd6 f6 32. exf6 gxf6 33. g4 Rd8 34. Bg3 Nc3 35. Bf3 Kf7 36. h4 Rd3 37. Bc6 e5 38. g5 Ke6 39. gxf6 Kxf6 40. h5 Rd4 41. h6 Rd6 42. Bg2 Kf5 43. f3 Rxh6+ 44. Bh3+ Kf6 45. Kg2 Nd1 46. Rb1 Ne3+ 0-1

[Event "GRE-ch U18"]
[Site "Thessaloniki"]
[Date "2014.01.05"]
[Round "5"]
[White "Tsiros, Fragkiskos Vlasios"]
[Black "Hatzis Bakratsas, Alexandros"]
[Result "1-0"]
[WhiteElo "1991"]
[BlackElo "1829"]
[PlyCount "67"]
[EventDate "2014.01.02"]
[EventType "swiss"]
[EventRounds "9"]
[EventCountry "GRE"]
[SourceTitle "EXT 2017"]
[Source "ChessBase"]
[SourceDate "2016.10.25"]
[SourceVersion "1"]
[SourceVersionDate "2016.10.25"]
[SourceQuality "1"]

1. e4 c5 2. Nf3 d6 3. Bb5+ Bd7 4. Bxd7+ Qxd7 5. c4 e5 6. 0-0 g6 7. d3 Bg7 8. Nc3 Ne7 9. Bg5 f6 10. Be3 0-0 11. Qd2 Nbc6 12. Bh6 Rf7 13. a3 f5 14. Bxg7 Rxg7 15. Nd5 Rf8 16. Qg5 Nxd5 17. exd5 Nd8 18. Qe3 Nf7 19. b4 b6 20. bxc5 bxc5 21. Rfb1 g5 22. Nd2 g4 23. Rb2 f4 24. Qe1 Ng5 25. Rab1 h5 26. Rb8 Rxb8 27. Rxb8+ Kh7 28. Ne4 Kh6 29. Nf6 Nf3+ 30. gxf3 gxf3+ 31. Kh1 Qf5 32. Rh8+ Kg6 33. Nxh5 Qg4 34. Qf1 1-0

[Event "GRE-ch U18"]
[Site "Thessaloniki"]
[Date "2014.01.03"]
[Round "3"]
[White "Pasoglou, Ekaterini"]
[Black "Hatzis Bakratsas, Alexandros"]
[Result "0-1"]
[WhiteElo "1626"]
[BlackElo "1829"]
[PlyCount "104"]
[EventDate "2014.01.02"]
[EventType "swiss"]
[EventRounds "9"]
[EventCountry "GRE"]
[SourceTitle "EXT 2017"]
[Source "ChessBase"]
[SourceDate "2016.10.25"]
[SourceVersion "1"]
[SourceVersionDate "2016.10.25"]
[SourceQuality "1"]

1. e4 e5 2. Nf3 Nc6 3. Bb5 a6 4. Ba4 Nf6 5. d3 d6 6. c3 Be7 7. Nbd2 b5 8. Bc2 Be6 9. 0-0 0-0 10. Re1 h6 11. Nf1 Nb8 12. Ng3 c5 13. d4 Qc7 14. h3 Bd7 15. Be3 Nc6 16. Rc1 Rfe8 17. b3 Bf8 18. d5 Ne7 19. Nh4 g5 20. Nhf5 Bxf5 21. Nxf5 Nxf5 22. exf5 c4 23. bxc4 Qxc4 24. Bb3 Qc8 25. g4 Qb7 26. c4 Nd7 27. cxb5 axb5 28. Qd2 Be7 29. h4 f6 30. hxg5 hxg5 31. Kg2 Kg7 32. Rh1 Rh8 33. f3 Rxh1 34. Rxh1 Rh8 35. Rxh8 Kxh8 36. Kg3 Kg7 37. Qd1 Bd8 38. Qf1 Nc5 39. Qd1 Nxb3 40. Qxb3 Ba5 41. Kf2 Kf7 42. Ke2 Ke7 43. Bd2 Bxd2 44. Kxd2 Qb6 45. Ke2 Kd7 46. Kf1 Kc7 47. Ke2 Qc5 48. Kd2 Kb6 49. Kd3 Qd4+ 50. Ke2 Qc4+ 51. Ke3 Qxb3+ 52. axb3 Kc5 0-1

[Event "GRE-chT 41st"]
[Site "Achaia"]
[Date "2013.07.03"]
[Round "3.9"]
[White "Hatzis Bakratsas, Alexandros"]
[Black "Ladopoulos, Dimitrios"]
[Result "0-1"]
[WhiteElo "1807"]
[BlackElo "2082"]
[PlyCount "130"]
[EventDate "2013.07.02"]
[EventType "team-swiss"]
[EventRounds "7"]
[EventCountry "GRE"]
[SourceTitle "CBM 155 Extra"]
[Source "ChessBase"]
[SourceDate "2013.08.26"]
[SourceVersion "1"]
[SourceVersionDate "2013.08.26"]
[SourceQuality "1"]
[WhiteTeam "Florinas OP"]
[BlackTeam "Irakleiou CN"]
[WhiteTeamCountry "GRE"]
[BlackTeamCountry "GRE"]

1. d4 e6 2. c4 b6 3. a3 Bb7 4. Nc3 f5 5. Nf3 Nf6 6. g3 Be7 7. Bg2 Ne4 8. 0-0 Nxc3 9. bxc3 0-0 10. Ne5 Bxg2 11. Kxg2 Bf6 12. Nd3 Nc6 13. f3 Na5 14. c5 d6 15. cxd6 cxd6 16. Nf4 Qd7 17. Rb1 d5 18. e4 fxe4 19. fxe4 Bg5 20. Nd3 dxe4 21. Ne5 Qe7 22. Qg4 Bf6 23. Qxe4 Bxe5 24. Rxf8+ Rxf8 25. dxe5 Qc7 26. Bf4 Rd8 27. Qf3 Qc4 28. Kh3 Qd3 29. Rf1 Qxf3 30. Rxf3 Nc4 31. a4 Rd5 32. Rf1 Rd3 33. Rc1 Kf7 34. Kg2 h6 35. h4 Rd5 36. Rb1 Nxe5 37. Rb5 Rxb5 38. axb5 Nd7 39. Kf3 e5 40. Be3 Ke6 41. c4 Nc5 42. g4 Nb7 43. Ke4 Nd6+ 44. Kd3 Ne8 45. Ke4 Nf6+ 46. Kf3 Kd6 47. Bg1 g6 48. Be3 h5 49. g5 Ne8 50. Ke4 Ke6 51. Bf2 Nd6+ 52. Kd3 Kf5 53. Bg3 Ne4 54. Be1 Kf4 55. Ke2 Nc5 56. Bd2+ Ke4 57. Be3 Nb7 58. Bf2 Nd6 59. c5 bxc5 60. Bxc5 Nxb5 61. Bb4 Nd4+ 62. Kf2 Nf5 63. Bc5 a5 64. Ba3 Nxh4 65. Bc5 Nf5 0-1

[Event "GRE-chT 40th"]
[Site "Achaia"]
[Date "2012.07.05"]
[Round "7.6"]
[White "Hatzis Bakratsas, Alexandros"]
[Black "Ballas, Athanasios Panag"]
[Result "1/2-1/2"]
[WhiteElo "1779"]
[BlackElo "1840"]
[PlyCount "107"]
[EventDate "2012.06.30"]
[EventType "team-swiss"]
[EventRounds "7"]
[EventCountry "GRE"]
[SourceTitle "CBM 149 Extra"]
[Source "ChessBase"]
[SourceDate "2012.08.24"]
[SourceVersion "1"]
[SourceVersionDate "2012.08.24"]
[SourceQuality "1"]
[WhiteTeam "Florinas"]
[BlackTeam "Thessaloniki"]
[WhiteTeamCountry "GRE"]
[BlackTeamCountry "GRE"]

1. d4 Nf6 2. Nf3 g6 3. g3 Bg7 4. Bg2 0-0 5. 0-0 Re8 6. a4 d5 7. a5 c5 8. c3 cxd4 9. cxd4 Nc6 10. Qa4 Bd7 11. Qa3 Ne4 12. Rd1 Rc8 13. Nc3 e6 14. Bf4 Bf8 15. Qa2 Nd6 16. Ne5 Nxe5 17. dxe5 Nb5 18. Qb3 a6 19. Be3 Nxc3 20. bxc3 Qc7 21. Bd4 Bb5 22. e4 dxe4 23. Bxe4 Bc5 24. Rab1 Red8 25. Qb2 Rd7 26. Qa1 Bc6 27. Bxc6 Qxc6 28. Qb2 Rcc7 29. Qb3 Bxd4 30. Rxd4 Rxd4 31. cxd4 Qc4 32. Qb6 Qc2 33. Rb2 Qc1+ 34. Kg2 Qc4 35. Qd6 Qc6+ 36. Qxc6 bxc6 37. Rb6 c5 38. dxc5 Rxc5 39. Rxa6 Rxe5 40. Ra8+ Kg7 41. a6 Ra5 42. a7 Ra3 43. Kf1 Ra2 44. Ke1 e5 45. Kd1 h5 46. Kc1 Kf6 47. Kb1 Ra6 48. Kb2 Kg5 49. Kb3 Kg4 50. Kb4 Kf3 51. Kb5 Ra1 52. Kb6 Rb1+ 53. Kc6 Ra1 54. Kb7 1/2-1/2

[Event "GRE-ch U16"]
[Site "Rio Achaia"]
[Date "2012.06.28"]
[Round "6.7"]
[White "Hatzis Bakratsas, Alexandros"]
[Black "Kalogridakis, Georgios"]
[Result "0-1"]
[WhiteElo "1779"]
[BlackElo "1927"]
[PlyCount "108"]
[EventDate "2012.06.24"]
[EventType "swiss"]
[EventRounds "6"]
[EventCountry "GRE"]
[SourceTitle "EXT 2024"]
[Source "ChessBase"]
[SourceDate "2023.10.10"]
[SourceVersion "1"]
[SourceVersionDate "2023.10.10"]
[SourceQuality "1"]

1. Nf3 d5 2. c4 e6 3. g3 Nf6 4. Bg2 Be7 5. 0-0 0-0 6. d4 dxc4 7. Qc2 a6 8. a4 Bd7 9. Qxc4 Bc6 10. Bf4 Nbd7 11. Nc3 Nb6 12. Qb3 Nbd5 13. Rfd1 Qe8 14. Ne5 Nxc3 15. Bxc6 Nxe2+ 16. Kf1 bxc6 17. Kxe2 c5 18. Rac1 Rb8 19. Qc2 cxd4 20. Rxd4 Bd6 21. Kf1 Nd5 22. Nd3 Qe7 23. Qc4 Qf6 24. Re4 Nxf4 25. gxf4 Qf5 26. Re3 a5 27. Rg3 h6 28. Qd4 g6 29. Rc4 Rfd8 30. Qc3 Qd5 31. Kg1 Qh5 32. Kg2 Qf5 33. Rh3 Bf8 34. Rg3 Bg7 35. Ne5 Rd1 36. Qc2 Qxc2 37. Rxc2 Rb4 38. b3 Rxf4 39. Nc6 Kh7 40. Nxa5 Be5 41. Nc4 Bd4 42. h3 Rb1 43. Ra2 Ra1 44. Rxa1 Rxf2+ 45. Kh1 Bxa1 46. Rd3 Kg7 47. b4 Rc2 48. Nd2 Bc3 49. Rxc3 Rxc3 50. a5 Rxh3+ 51. Kg2 Rd3 52. Nc4 Rd4 53. a6 Rxc4 54. a7 Rc2+ 0-1

[Event "GRE-ch U14"]
[Site "Eretria"]
[Date "2011.06.30"]
[Round "8.5"]
[White "Hatzis Bakratsas, Alexandros"]
[Black "Roinos, Ilias"]
[Result "1-0"]
[WhiteElo "1711"]
[BlackElo "1757"]
[PlyCount "101"]
[EventDate "2011.06.25"]
[EventType "swiss"]
[EventRounds "9"]
[EventCountry "GRE"]
[SourceTitle "EXT 2024"]
[Source "ChessBase"]
[SourceDate "2023.10.10"]
[SourceVersion "1"]
[SourceVersionDate "2023.10.10"]
[SourceQuality "1"]

1. Nf3 Nf6 2. c4 e6 3. g3 c5 4. Bg2 Nc6 5. 0-0 Be7 6. Nc3 0-0 7. d4 cxd4 8. Nxd4 a6 9. e4 Qc7 10. Nxc6 dxc6 11. Be3 e5 12. Qc2 Ng4 13. Bd2 Bc5 14. h3 Nf6 15. Na4 Bd4 16. c5 Be6 17. Rad1 Rad8 18. Rfe1 Rfe8 19. b4 Qe7 20. a3 Nh5 21. Bc3 Qf6 22. Bxd4 Rxd4 23. Rxd4 exd4 24. Rd1 Rd8 25. Nb2 g6 26. Nd3 Qg5 27. Qd2 Qe7 28. g4 Nf6 29. Re1 Kg7 30. f4 Bxg4 31. e5 Bf5 32. exf6+ Qxf6 33. Ne5 Qh4 34. Qf2 Qh6 35. Qf3 Kg8 36. Rd1 Be6 37. Kh2 Qh4 38. Qg3 Qh5 39. Rd2 f6 40. Ng4 Kg7 41. Nf2 Bd5 42. Bxd5 Qxd5 43. Qd3 h5 44. Ne4 Qf5 45. Qf3 Rd5 46. Nd6 Qb1 47. Qd3 Qe1 48. Re2 Qh4 49. Re7+ Kh6 50. Nf7+ Kg7 51. Ne5+ 1-0

[Event "Thessaloniki Triandria op 4th"]
[Site "Thessaloniki"]
[Date "2011.04.28"]
[Round "5"]
[White "Hatzis Bakratsas, Alexandros"]
[Black "Bagaturov, Giorgi"]
[Result "0-1"]
[WhiteElo "1711"]
[BlackElo "2450"]
[PlyCount "62"]
[EventDate "2011.04.25"]
[EventType "swiss"]
[EventRounds "9"]
[EventCountry "GRE"]
[SourceTitle "CBM 142 Extra"]
[Source "ChessBase"]
[SourceDate "2011.06.27"]
[SourceVersion "1"]
[SourceVersionDate "2011.06.27"]
[SourceQuality "1"]

1. d4 Nf6 2. Nf3 g6 3. g3 Bg7 4. Bg2 0-0 5. 0-0 d5 6. a4 c6 7. Nc3 Bf5 8. a5 Na6 9. Nh4 Bg4 10. Be3 Ne8 11. Qd2 Nd6 12. b3 e5 13. Ra4 e4 14. f3 exf3 15. exf3 Bd7 16. f4 Nf5 17. Nxf5 Bxf5 18. Nd1 Re8 19. Bf3 Qd7 20. c3 Re7 21. Nf2 Rae8 22. Re1 Nc7 23. Raa1 Nb5 24. Nd3 Bxd3 25. Qxd3 c5 26. Re2 Nxc3 27. Qxc3 Rxe3 28. Rxe3 Rxe3 29. Qxe3 Bxd4 30. Qxd4 cxd4 31. Rd1 Qb5 0-1

[Event "GRE-chT Div-A 38th"]
[Site "Peristeri"]
[Date "2010.07.11"]
[Round "7"]
[White "Tzouganakis, Panteleimon"]
[Black "Hatzis Bakratsas, Alexandros"]
[Result "1-0"]
[WhiteElo "2095"]
[BlackElo "1587"]
[PlyCount "97"]
[EventDate "2010.07.05"]
[EventType "team-swiss"]
[EventRounds "7"]
[EventCountry "GRE"]
[SourceTitle "CBM 137 Extra"]
[Source "ChessBase"]
[SourceDate "2010.09.01"]
[SourceVersion "1"]
[SourceVersionDate "2010.09.01"]
[SourceQuality "1"]

1. e4 c5 2. Nf3 Nc6 3. d4 cxd4 4. Nxd4 g6 5. c4 Nf6 6. Nc3 d6 7. Be2 Nxd4 8. Qxd4 Bg7 9. 0-0 0-0 10. Qd1 Be6 11. Be3 Rc8 12. b3 Nd7 13. Rc1 a5 14. Nd5 Nc5 15. f3 Bxd5 16. exd5 Qb6 17. Rb1 Qb4 18. Bd2 Bc3 19. a3 Qb6 20. Bxc3 Nd3+ 21. Kh1 Nf2+ 22. Rxf2 Qxf2 23. Bxa5 Qa7 24. Qd2 b6 25. Bb4 Rc7 26. a4 Ra8 27. Bc3 Rcc8 28. Bd3 f6 29. Re1 Kg7 30. h4 Rc7 31. Re6 Rf8 32. Qf4 Qa8 33. h5 Qe8 34. Bxf6+ Rxf6 35. Qxf6+ exf6 36. Rxe8 Rd7 37. hxg6 hxg6 38. Rb8 f5 39. Rxb6 Kh6 40. a5 Kg5 41. g3 f4 42. Kg2 fxg3 43. Kxg3 Kf6 44. c5 Ke5 45. Rxd6 Rxd6 46. cxd6 Kxd6 47. a6 Kc7 48. d6+ Kc6 49. Bb5+ 1-0